Effect of chemical fertilizer application on mature rubber clone pb 260 at cambodian rubber research institute, ប្រសិទ្ធភាពនៃការប្រើប្រាស់ជីគីមីលើកៅស៊ូផ្ដល់ផលក្លូន PB 260 នៅវិទ្យាស្ថានស្រាវជ្រាវកៅស៊ូកម្ពុជា (Record no. 9125)

000 -LEADER
fixed length control field 00757nam a22001577a 4500
003 - CONTROL NUMBER IDENTIFIER
control field OSt
005 - DATE AND TIME OF LATEST TRANSACTION
control field 20160824160152.0
008 - FIXED-LENGTH DATA ELEMENTS--GENERAL INFORMATION
fixed length control field 160824b xxu||||| |||| 00| 0 eng d
040 ## - CATALOGING SOURCE
Transcribing agency RUA
082 ## - DEWEY DECIMAL CLASSIFICATION NUMBER
Classification number RUB SOU 2015 B514 Or.1
100 ## - MAIN ENTRY--PERSONAL NAME
9 (RLIN) 9476
Personal name SOUN SOHHY; សួន សុភី
245 ## - TITLE STATEMENT
Title Effect of chemical fertilizer application on mature rubber clone pb 260 at cambodian rubber research institute, ប្រសិទ្ធភាពនៃការប្រើប្រាស់ជីគីមីលើកៅស៊ូផ្ដល់ផលក្លូន PB 260 នៅវិទ្យាស្ថានស្រាវជ្រាវកៅស៊ូកម្ពុជា
260 ## - PUBLICATION, DISTRIBUTION, ETC. (IMPRINT)
Place of publication, distribution, etc. RUA
Name of publisher, distributor, etc. SOU
Date of publication, distribution, etc. 2015
300 ## - PHYSICAL DESCRIPTION
Extent xiv,57p.
Other physical details ill.
Dimensions 29cm.
942 ## - ADDED ENTRY ELEMENTS (KOHA)
Source of classification or shelving scheme
Koha item type RUB
Holdings
Price effective from Date last seen Permanent Location Not for loan Date acquired Source of classification or shelving scheme Koha item type Lost status Withdrawn status Date last checked out Total Checkouts Shelving location Damaged status Barcode Current Location Full call number
2016-08-242016-08-24Library Block B 2016-08-24 RUB    B514 RUA061561Library Block BRUB SOU 2015 B514 Or.1
2016-08-242016-08-24Library Block B 2016-08-24 RUB    B514 RUA062401Library Block BRUB SOU 2015 B514 Or.2
2016-08-242016-08-24Library Block B 2016-08-24 RUB    B514 RUA061385Library Block BRUB SOU 2015 B514 Or.3
2016-08-242016-08-24Library Block B 2016-08-24 RUB    B514 RUA062657Library Block BRUB SOU 2015 B514 Or.4
2016-08-242016-08-24Library Block B 2016-08-24 RUB    B514 RUA062027Library Block BRUB SOU 2015 B514 Or.5
2016-08-242016-08-24Library Block B 2016-08-24 RUB    B514 RUA061437Library Block BRUB SOU 2015 B514 Or.6
2016-08-242016-08-24Library Block B 2016-08-24 RUB    B514 RUA061455Library Block BRUB SOU 2015 B514 Or.7
2016-08-242025-11-10Library Block B 2016-08-24 RUB  2025-10-301B514 RUA061458Library Block BRUB SOU 2015 B514 Or.8
មជ្ឈមណ្ឌលឯការនៃសាកលវិទ្យាល័យភូមិន្ទកសិកម្មចំការដូង

Powered by Koha